| 000 | 00415cam a2200169ua 4500 | ||
|---|---|---|---|
| 020 | _cRs.15/- | ||
| 041 |
_aeng _h |
||
| 082 |
_a891.43 _bMAD/RA |
||
| 100 | _aMadanamohansha, . | ||
| 245 |
_aRagasangadhara / _cMadanamohansha. _hTextual Documents |
||
| 260 |
_a : _bThe chowkhamba Vidyabhavan , _c1969. |
||
| 300 | _a799 ; . | ||
| 365 | _aRs.15/- | ||
| 504 | _a | ||
| 942 | _cBK | ||
| 999 |
_c12230 _d12230 |
||